|
|
|
|
| LEADER |
00575 a2200169 4500 |
| 008 |
150206b xxu||||| |||| 00| 0 eng d |
| 020 |
|
|
|a 9789350297810
|
| 082 |
|
|
|a IN823.914A2
|
| 100 |
|
|
|a Anita Nair.
|
| 245 |
|
|
|a Idris :
|b keeper of the light /
|c Anita Nair.
|
| 260 |
|
|
|c 2014.
|b Fourth Estate,
|a New Delhi:
|
| 300 |
|
|
|a 380p. ;
|c 23 cm.
|
| 650 |
|
|
|a English fiction
|
| 942 |
|
|
|2 ddc
|c BK
|
| 600 |
|
|
|a Anita Nair.
|
| 999 |
|
|
|c 105449
|d 105449
|
| 952 |
|
|
|0 0
|1 0
|4 0
|6 IN_823_000000000000000_914A2_IDR
|7 0
|9 110768
|a UL
|b UL
|c ST1
|d 2015-07-22
|l 7
|m 1
|o IN823.914A2 IDR
|p 92664
|r 2017-07-24
|s 2017-06-22
|y BK
|